| 000 | 00000nam 2200000zi 4500 |
| 001 | 9.941717 |
| 003 | CaOODSP |
| 005 | 20250108091309 |
| 006 | m o d f |
| 007 | cr cn |||||||| |
| 008 | 240809t20242024onc o f000 0 eng d |
| 020 | |a9780660731100 |
| 040 | |aCaOODSP|beng|erda|cCaOODSP |
| 043 | |an-cn--- |
| 086 | 1 |aH144-135/2024E-PDF |
| 245 | 00|aHealth facilities preparation for extreme heat : |brecommendations for retirement and care facility managers. |
| 264 | 1|a[Ottawa] : |bHealth Canada = Santé Canada, |c[2024] |
| 264 | 4|c©2024 |
| 300 | |a1 online resource (2 unnumbered pages) |
| 336 | |atext|btxt|2rdacontent |
| 337 | |acomputer|bc|2rdamedia |
| 338 | |aonline resource|bcr|2rdacarrier |
| 500 | |aIssued also in French under title: Préparation des installations de santé en vue d'une chaleur accablante : recommandations pour les gestionnaires de résidences pour personnes âgées et d'installations de soins de santé. |
| 500 | |a"Pub.: 240474." |
| 650 | 0|aHeat|xHealth aspects|zCanada. |
| 650 | 0|aHeat|zCanada|xSafety measures. |
| 710 | 1 |aCanada. |bHealth Canada, |eissuing body. |
| 775 | 08|tPréparation des installations de santé en vue d'une chaleur accablante : |w(CaOODSP)9.941716 |
| 795 | |tHealth facilities preparation for extreme heat : |w(CaOODSP)9.696242 |
| 856 | 40|qPDF|s553 KB|uhttps://publications.gc.ca/collections/collection_2025/sc-hc/H144-135-2024-eng.pdf |
| 856 | 4 |qHTML|sN/A|uhttps://www.canada.ca/en/health-canada/services/environmental-workplace-health/reports-publications/climate-change-health/health-facilities-preparation-extreme-heat-recommendations-retirement-care-facility-managers-health-canada-2011.html |